LEADER 01049nam a2200253 4500 001 000000333012 003 CaOOAMICUS 005 20190321154637.0 008 190321s2007 it o 000 u ita r 040 $aSeMil$bita 100 1 $aFerri, Peppo.$0(OLS)http://semarc/name/46632 245 10$aIn dul sulcu daa tradizion :$btutte le poesie /$cPeppo Ferri ; a cura di Annalisa Castigioni e Daniele Mantegazza. 264 1$aGorla Minore :$bComune,$c2007. 300 $aXXIX, 337 p. :$bill. ;$c17 cm 500 $aIn custodia 541 1 $aFondo mons. Mario Delpini 700 1 $aMantegazza, Daniele <1948- >.$0(OLS)http://semarc/name/40056 700 1 $aCastigioni, Annalisa.$0(OLS)http://semarc/name/109208 850 $aSeMil 852 $aSeMil$W1$xVenegono$y1$m1A VI 114$j213259$B226044$CSeMilBibl$Z2$F226044 $81 941 1 $a7 996 $6245$aIn dul sulcu daa tradizion :$btutte le poesie$9(OLS)http://semarc/title/422168 996 $6264$aGorla Minore :$bComune$9(OLS)http://semarc/publisher/58174 LEADER 01240nam a2200265 i 4500 001 000000037618 003 CaOOAMICUS 005 20120822000000.0 008 120822s1991 it u000 u ita u 013 $a7925 020 $a88-13-17119-6 040 $aSeMil$bita 245 14$aGli enti ecclesiastici tra due Concordati. 300 $aVI, 793 p. 490 0 $aPubblicazioni della Università di Pavia. Studi nelle scienze giuridiche e sociali. Nuova serie ;$v61 650 4$aDiritto canonico - Studi.$0(OLS)http://semarc/subject/1680 650 4$aDiritto ecclesiastico - Saggi.$0(OLS)http://semarc/subject/4398 700 1 $aMauro, Tommaso.$0(OLS)http://semarc/name/1334 773 0 $aMauro, Tommaso$tScritti di diritto ecclesiastico e canonico.$dPadova : CEDAM, 1991.$gVolume2$w()1476 830 0$aPubblicazioni della Università di Pavia. Studi nelle scienze giuridiche e sociali. Nuova serie ;$v61.$0(OLS)http://semarc/title/11755 850 $aSeMil 852 $aSeMil$W1$xVenegono$y1$m2H V 89$j3773$B3773$CSeMilBibl$Z2$F3773 $81 961 $aAcquisto: Rappresentante 996 $6020$a88-13-17119-6$9(OLS)http://semarc/number/6653 996 $6245$aGli enti ecclesiastici tra due Concordati$9(OLS)http://semarc/title/52750